| 000 | 03013cam a2200349Mi 4500 | ||
|---|---|---|---|
| 005 | 20140903175123.0 | ||
| 008 | 970512s1602 it fr 001 0 latsd | ||
| 026 |
_a*-a- rie- 4.t. biqu (3) 1602 (R)* _5IT-TrCB |
||
| 035 | _a(OCoLC)797922977 | ||
| 040 |
_aIT-TrCB _bita _cSandra Yazo _dSandra Yazo |
||
| 041 | 0 | _alat | |
| 082 | 0 | 4 |
_a262.9 _220 |
| 092 | _aE30N005 | ||
| 100 | 1 |
_aZabarella, Francesco, _d1360-1417 _961880 |
|
| 242 | 0 | 0 |
_aComentarios de Francisco Zabarella al libro de las Clementinas. _bExplicados con las anotaciones de autores antiguos como Felipe Franchi y Nicolás Soranzo y del moderno Vicente Godemini, Doctor en Ambos Derechos y catedrático de Derecho Canónico en la Universidad de Pisa. Con sumarios e índices muy completos, de materias y conceptos importantes. _yspa |
| 245 | 0 | 0 |
_aFrancisci Zabarellae in Clementinarum volumen Commentaria, _bPhilippi Franchi, et Nicolai Superantii antiquis, ac etiam novis Vincentii Godemini I. V. Doct. Pisis ord. Iuris Canon. Legentis, adnotationibus illustrata. Cum summariis et indice rerum ac verborum memorabilium locupletissimis. |
| 250 | _aHac in editione summo studio ac diligentia ab innumeris erroribus repurgata [Revisada en esta edición, con gran cuidado y diligencia, de innumerables errores] | ||
| 260 |
_aVenetiis [Venecia] (Italia) _bapud Iuntas [Los Giunta] _c1602 |
||
| 300 |
_a212, [15] ; [59] folios _c41 x 28 cm. |
||
| 500 | _aDetalles físicos: Sin encuadernación original, actualmente encuadernación rígida en cartón forrado en tela. Guardas. Portadas impresa en dos tintas con un grabado. Texto impreso en dos columnas, letras pequeñas. Reclamos. | ||
| 505 | 1 | _aApelaciones ; El bautismo y sus efectos ; Causas de posesión y propiedad ; La celebración de la misa y de otros oficios religiosos ; Sobre la consanguinidad y la afinidad ; Sobre los diezmos ; El dolo y la contumacia ; Sobre las elecciones y las prerrogativas de los elegidos ; Las excepciones ; Los excesos cometidos por los prelados ; Sobre el homicidio voluntario y el homicidio casual ; Los judíos y sarracenos ; Sobre el derecho de Patronato ; Prebendas y dignidades ; Pruebas ; Las casas de los religiosos ; Permuta de bienes ; Sentencia y cosa juzgada ; Secuestro de bienes ; Testamentos y últimas voluntades. | |
| 506 | _aConsulta en sala. | ||
| 546 | _aTexto en latín. | ||
| 650 | 7 |
_aDerecho civil _929560 _xObras anteriores a 1800 |
|
| 650 | 7 |
_aDerecho eclesiastico _929561 _xObras anteriores a 1800 |
|
| 653 | _aAmbos derechos | ||
| 690 |
_942765 _aDerecho canónico |
||
| 700 | 1 |
_aFranchi, Felipe _961881 |
|
| 700 | 1 |
_aSoranzo, Niccolò,? ? _dc1476-1564? _961882 |
|
| 856 | 4 | 1 |
_uhttp://books.google.com.co/books?id=ORcrcfLuW7wC&printsec=frontcover&dq=Francisci+Zabarellae+in+Clementinarum+volumen+Commentaria&hl=es&sa=X&ei=myiGU4aLD8eMqgbPpYLADA&ved=0CDMQ6AEwAQ#v=onepage&q=Francisci%20Zabarellae%20in%20Clementinarum%20volumen%20Commentaria&f=false _zDisponible en línea |
| 942 |
_cLIBRO _e1 _2DEWEY _h262.9 |
||
| 999 |
_c255267 _d255267 |
||